Sectarianism and renewal In 1920s romania (Record no. 523982)

MARC details
000 -LEADER
fixed length control field 01196nam a2200205Ia 4500
008 - FIXED-LENGTH DATA ELEMENTS--GENERAL INFORMATION
fixed length control field 240821s9999 xx 000 0 und d
020 ## - INTERNATIONAL STANDARD BOOK NUMBER
ISBN 9781350197039
Paper back/Hardbound pbk
041 ## - LANGUAGE CODE
Language code of text/sound track or separate title eng
082 ## - DEWEY DECIMAL CLASSIFICATION NUMBER
Classification number 281.949809042
Item number CLA
100 ## - MAIN ENTRY--AUTHOR NAME
Personal name Clark, Roland
245 #0 - TITLE STATEMENT
Title Sectarianism and renewal In 1920s romania
Statement of responsibility, etc / Roland Clark
Sub Title the limits of orthodoxy and nation-building
250 ## - EDITION STATEMENT
Edition statement 1st ed.
260 ## - PUBLICATION, DISTRIBUTION, ETC. (IMPRINT)
Name of publisher Bloomsbury Publishing
Year of publication c2021
Place of publication USA
300 ## - PHYSICAL DESCRIPTION
Number of Pages 222 p.
Dimensions 23 cm.
504 ## - BIBLIOGRAPHY, ETC. NOTE
Bibliography, etc Includes bibliographies and index
520 ## - SUMMARY, ETC.
Summary, etc The Romanian Orthodox Church expanded significantly after the First World War, yet Protestant Repenter and schismatic Orthodox movements such as Old Calendarism also grew exponentially during this period, terrifying church leaders who responded by sending missionary priests into the villages to combat sectarianism. Several lay renewal movements such as the Lord's Army and the Stork's Nest also appeared within the Orthodox Church, implicating large numbers of peasants and workers in tight-knit religious communities operating at the margins of Eastern Orthodoxy.
650 ## - SUBJECT ADDED ENTRY--TOPICAL TERM
Topical Term Christian sects; Romania; Romania Religious life and customs
942 ## - ADDED ENTRY ELEMENTS (KOHA)
Koha item type English Books
Holdings
Withdrawn status Lost status Damaged status Not for loan Home library Current library Shelving location Date acquired Cost, normal purchase price Full call number Accession Number Price effective from Koha item type
        Anna Centenary Library Anna Centenary Library 3RD FLOOR, B WING 01.04.2024 3168.00 281.949809042 CLA 670282 01.04.2024 Reference

Find us on the map